All CS:GO Maps - Statistics

General Stats
  • This quiz has been taken 28 times
  • The average score is 42 of 129
Answer Stats
Hint Answer % Correct
Unavailable Dust
100%
Active Duty | Defusal Group Delta | Operation Wildfire Nuke
95%
Active Duty | Defusal Group Sigma Vertigo
95%
Defusal Group Sigma | Operation Bravo Cobblestone
90%
Active Duty | Defusal Group Delta Mirage
90%
Active Duty | Defusal Group Sigma | Operation Broken Fang Ancient
85%
Active Duty | Defusal Group Delta Inferno
85%
Hostage Rescue Maps Office
85%
Defusal Group Delta | Operation Vanguard | Reserve Map Pool Train
85%
Active Duty | Defusal Group Delta Anubis
80%
Active Duty | Defusal Group Delta | Operation Bravo Overpass
80%
Defusal Group Delta | Operation Bravo | Operation Phoenix | Reserve Map Pool Cache
75%
Reserve Map Pool Dust II
70%
Unavailable Aztec
65%
Hostage Rescue Maps Italy
65%
Hostage Rescue Maps | Operation Bloodhound | Operation Bravo | +2 others Agency
60%
Hostage Rescue Maps Militia
55%
Hostage Rescue Maps Assault
50%
War Games Baggage
50%
Wingman Lake
50%
Wingman Shortdust
45%
Defusal Group Sigma Canals
40%
War Games Shoots
40%
War Games Monastery
35%
War Games Safehouse
35%
Operation Vanguard Season
35%
Operation Hydra Austria
30%
War Games St Marc
30%
Operation Bloodhound Zoo
30%
War Games Bank
25%
Operation Breakout | Operation Hydra Insertion
25%
Operation Bravo | Operation Payback | Operation Phoenix Seaside
25%
Defusal Group Sigma Tuscan
25%
Operation Vanguard Workout
25%
Unavailable Abbey
15%
Operation Breakout | Operation Hydra Black Gold
15%
Operation Breakout Castle
15%
Operation Wildfire Cruise
15%
War Games Dizzy
15%
Operation Payback | Operation Phoenix Favela
15%
Operation Shattered Web Jungle
15%
Operation Shattered Web | War Games Lunacy
15%
Wingman Shortnuke
15%
War Games Sugarcane
15%
Operation Bravo | Operation Phoenix Ali
10%
Operation Broken Fang Apollo
10%
Danger Zone Blacksite
10%
Defusal Group Sigma | Unavailable Breach
10%
Unavailable Chlorine
10%
Operation Wildfire Coast
10%
Operation Payback | Operation Phoenix Downtown
10%
Operation Broken Fang Engage
10%
Wingman Extraction
10%
Operation Broken Fang Frostbite
10%
Operation Broken Fang Guard
10%
Operation Bloodhound Log
10%
Operation Vanguard Marquis
10%
Operation Payback Museum
10%
Wingman Ravine
10%
Unavailable Ruby
10%
Operation Bravo Ruins
10%
Operation Wildfire Santorini
10%
Operation Hydra Shipped
10%
Danger Zone Sirocco
10%
Unavailable Subzero
10%
Operation Vanguard Backalley
5%
Operation Vanguard Bazzar
5%
Unavailable Biome
5%
Operation Bravo Chinatown
5%
Danger Zone County
5%
Operation Bloodhound Crashsite
5%
Operation Broken Fang Elysion
5%
Danger Zone Ember
5%
Operation Wildfire Empire
5%
Operation Vanguard Facade
5%
Reserve Map Pool | Unavailable Grind
5%
Operation Bravo Gwalior
5%
Operation Payback Library
5%
Operation Hydra Lite
5%
Operation Wildfire Mikla
5%
Operation Breakout Mist
5%
Reserve Map Pool | Unavailable Mocha
5%
Operation Payback | Operation Phoenix Motel
5%
Unavailable Mutiny
5%
Operation Breakout Overgrown
5%
Operation Bloodhound Rails
5%
Operation Bloodhound Resort
5%
Operation Wildfire Royal
5%
Operation Breakout Rush
5%
Operation Bravo Siege
5%
Operation Shattered Web Studio
5%
Unavailable Swamp
5%
Operation Hydra Thrill
5%
Operation Payback | Operation Phoenix Thunder
5%
Operation Wildfire Tulip
5%
Danger Zone Vineyard
5%
No matching quizzes found
Score Distribution
Percent of People with Each Score
Percentile by Number Answered
Your Score History
You have not taken this quiz